000 00668nam a22002537a 4500
003 UA-OsUOA
001 28975
007 ta
008 20050519b un ||||| |||| 00| 0 ukr d
100 _aСироткин В. Г.
090 _a94(47+57)
_bС40
942 _cBK
040 _aUA-OsUOA
_brus
_cUA-OsUOA
_dUA-OsUOA
245 _aВехи отечественной истории
_bОчерки и публицистика
300 _a272 с.
955 _a0
041 _arus
080 _a94(47+57)
020 _a5-7133-0422-1
260 _aМ.
_bМеждународные отношение
_c1991
044 _aRU
650 7 _2UDC
999 _c315352
_d315352